| 000 | 00532nam a22002057a 4500 | ||
|---|---|---|---|
| 999 |
_c19910 _d19910 |
||
| 003 | OSt | ||
| 005 | 20210118113949.0 | ||
| 008 | 161116b xxu||||| |||| 00| 0 eng d | ||
| 020 | _a0075489015 | ||
| 040 |
_aMMU _beng _cMMU _dMMU |
||
| 050 | _aHF5635 .M67 1986 | ||
| 100 | _aMosiach, A. N | ||
| 245 |
_aModern advanced accounting / _cA. N. Mosiach |
||
| 260 |
_aToronto : _bMcGraw -Hill, _c1986 |
||
| 300 | _a778 p. : | ||
| 500 | _aIncludes index. | ||
| 650 | _aAccounting | ||
| 700 | _aLarsen, John E. | ||
| 942 |
_2lcc _cLOAN LOAN |
||